Exploring Non-Invasive Crowd Movement Monitoring Techniques within Public Infrastructure

Na minha lista:
Detalhes bibliográficos
Autor principal: Matuška, Norbert (Author)
Outros Autores: Dubec, Jakub (Thesis advisor)
Formato: Manuscrito Livro
Idioma:eslovaco
inglês
Publicado em: 2025
Assuntos:
Acesso em linha:http://is.stuba.sk/zp/portal_zp.pl?podrobnosti=162703
Tags: Adicionar Tag
Sem tags, seja o primeiro a adicionar uma tag!

MARC

LEADER 00000ntm a22000003a 4500
001 stuzp102922
003 SK-STU
005 20250614211819.1
007 ta
008 150427s2015----xo-----f-mn---000-0-slo-d
040 |a STU  |b slo 
041 0 |a eng 
100 1 |a Matuška, Norbert  |u 070400  |4 aut  |U FIIT Fakulta informatiky a informačných technológií  |T FIIT Ústav počítačového inžinierstva a aplikovanej informatiky  |X 110849  |U I400  |Y 672  |7 110849 
242 0 1 |a Skúmanie neinvazívnych metód monitorovania pohybu davu vo verejnej infraštruktúre  |y slo 
245 1 0 |a Exploring Non-Invasive Crowd Movement Monitoring Techniques within Public Infrastructure 
260 |c 2025 
650 4 |a wi-fi sensing  |2 eng 
650 4 |a non-invasive surveillance  |2 eng 
650 4 |a crowd counting  |2 eng 
650 4 |a crowd monitoring  |2 eng 
650 4 |a wi-fi snímanie  |2 slo 
650 4 |a neinvazívné sledovanie  |2 slo 
650 4 |a počítanie davu  |2 slo 
650 4 |a monitorovanie davu  |2 slo 
700 1 |a Dubec, Jakub  |u 070400  |k Z3  |4 ths  |U FIIT Fakulta informatiky a informačných technológií  |T FIIT Ústav počítačového inžinierstva a aplikovanej informatiky  |X 73714  |U I400  |Y 672  |7 73714 
856 4 |u http://is.stuba.sk/zp/portal_zp.pl?podrobnosti=162703